| 000 | 00466nam a22001697a 4500 | ||
|---|---|---|---|
| 003 | OSt | ||
| 005 | 20140310182146.0 | ||
| 008 | 130829t xxu||||| |||| 00| 0 eng d | ||
| 050 |
_aF 128 _b.G492 1995 |
||
| 082 |
_aHS 917.4704 _bC498 1995 |
||
| 100 |
_aGindi, Jack. _915524 |
||
| 245 |
_aThe city of new york city / _cJack Gindi. |
||
| 260 |
_aNew York : _bCity Merchandise, _cc1995. |
||
| 300 |
_a63 p. : _bill. ; _c26 cm. |
||
| 942 |
_2lcc _cHS |
||
| 999 |
_c9925 _d9925 |
||